000 00472nam a2200157 i 4500
001 bg
100 1 _aCZARNECKA, Jadwiga
_d(1914-2008).
245 0 _aKatalog rzeczowy w średnich bibliotekach publicznych :
_bschemat układu oparty na UKD /
_coprac. J. Czarnecka, T. Turowska.
260 _aWarszawa,
_c1978.
700 1 _aTUROWSKA, Teresa
040 _cBPK
041 _apol
080 _a025.45:025.3:027.5
942 _cKS
008 s pl f |000 0 pol
999 _c18276
_d18276
856 _uhttp://koha.tu.koszalin.pl/cgi-bin/koha/opac-detail.pl?biblionumber=18276
_yKatalog online BPK